|
|
|
|
| LEADER |
01192nam a2200265 a 4500 |
| 001 |
721789 |
| 008 |
100107r19971993enkb b 001 0 eng d |
| 010 |
|
|
|a 97225138
|
| 020 |
|
|
|a 0192853384
|
| 040 |
|
|
|a DLC
|c DLC
|d DLC
|d BD-DhAAL
|
| 082 |
0 |
0 |
|a 936.2
|2 21
|
| 100 |
1 |
|
|a Salway, Peter.
|
| 240 |
1 |
0 |
|a Oxford illustrated history of Roman Britain
|
| 245 |
1 |
2 |
|a A history of Roman Britain /
|c Peter Salway.
|
| 260 |
|
|
|a Oxford [England] ;
|a New York :
|b Oxford University Press,
|c 1997.
|
| 300 |
|
|
|a xii, 594 p. :
|b maps ;
|c 20 cm.
|
| 500 |
|
|
|a Originally published: The Oxford illustrated history of Roman Britain. Oxford ; New York : Oxford University Press, 1993. With minor corrections and amendments.
|
| 504 |
|
|
|a Includes bibliographical references (p. [551]-562) and index.
|
| 541 |
1 |
|
|e 00019722
|
| 651 |
|
0 |
|a Great Britain
|x History
|y Roman period, 55 B.C.-449 A.D.
|
| 651 |
|
0 |
|a Great Britain
|x Antiquities, Roman.
|
| 650 |
|
0 |
|a Romans
|z Great Britain.
|
| 852 |
4 |
|
|a Ayesha Abed Library
|j General Shelf.
|
| 999 |
|
|
|c 6803
|d 6803
|
| 952 |
|
|
|0 0
|1 4
|2 ddc
|4 0
|6 936_200000000000000_SAL
|7 0
|9 6993
|a BRACUL
|b BRACUL
|c GEN
|d 2010-01-10
|l 0
|o 936.2 SAL
|p 3010019722
|r 2010-01-10
|t 1
|w 2010-01-10
|y BK
|x Koha Inventory 2020
|